000
00319nam a22001457a 4500
008
230502b ||||| |||| 00| 0 eng d
020
_a
1558623957
041
_a
eng
080
_2
VOLUME 1
_a
94
082
_a
94FRA
100
_a
28
101
_a
HISTORI
245
_a
HISTORY IN DISPUTE
_c
FRANKEL.B
942
_2
udc
_c
BK
999
_c
59649
_d
59649